000 00486nam a2200169Ia 4500
003 OSt
005 20260318105838.0
008 211028s2017 xx 000 0 und d
040 _cAIMIT LIBRARY
041 _aeng
100 _aAhmed, Shaikh Obaid; Prabhu, Aravind.
_g141744
_94858
110 _aRakesh Kumar
_94859
245 _aAutomation of infrastructure monitoring dashboard /
260 _aBangalore
_c2017
710 _aRobert Bosch Engineering India
_94860
942 _2ddc
_cPRO
999 _c217712
_d217712